| 000 | 00367 a2200145 4500 | ||
|---|---|---|---|
| 003 | Nust | ||
| 005 | 20221206090644.0 | ||
| 040 | _cNust | ||
| 082 | _a297.6,AHM | ||
| 100 |
_aAbdul Basit Ahmad _981712 |
||
| 245 |
_aIn Quest of Truth, Salman Al- Farisi RA / _cAbdul Basit Ahmad |
||
| 260 |
_aHahore _bDarussalam _c2000 |
||
| 300 | _a48p; | ||
| 942 |
_2ddc _cBK _k297.6,AHM |
||
| 999 |
_c193833 _d193833 |
||